| 000 | 01484nam0a22002531 4500 | ||
|---|---|---|---|
| 001 | rc\2326577 | ||
| 005 | 20260408001552.0 | ||
| 035 | _a(NLR Aleph) 006472116 | ||
| 090 |
_a5945970 _c5945970 |
||
| 100 | _a20110829d1977 |||y0rusy50 ca | ||
| 101 | 0 | _arus | |
| 102 | _aRU | ||
| 105 | _ay z ||||| | ||
| 200 | 1 |
_aТезисы докладов отраслевого семинара "Опыт проведения капитальных ремонтов оборудования на предприятиях химической промышленности на основе сетевых методов управления с применением ЭВМ". (г. Могилев, 18-20 апр. 1977 г.) _fНИИ техн.-экон. исследований. Белорус. филиал Центра НОТ в хим. пром-сти |
|
| 210 |
_aМосква _cБ. и. _d1977 |
||
| 215 |
_a48 с. _d20 |
||
| 710 | 1 | 2 |
_a"Опыт проведения капитальных ремонтов оборудования на предприятиях химической промышленности на основе сетевых методов управления с применением ЭВМ", отраслевой семинар _f1977 _eМогилев _3RU\NLR\AUTH\8810165876 _9827763 |
| 801 | 0 |
_aRU _bNLR _gpsbo |
|
| 801 | 1 |
_aRU _bELAR _2rusmarc |
|
| 852 |
_aNLR _j77-4/19124 |
||
| 899 |
_aRuMoRGB _jБ 77-54/580 |
||
| 899 |
_aRuMoRGB _jБ 77-54/581 |
||
| 942 | _cBOOK | ||
| 980 | _aNB | ||